000 01276nam a2200373 a 4500
001 50998
003 FlNmELB
005 20241216232254.0
006 m o d |
007 cr cn|||||||||
008 130623s2002 ag s 000 0 spa d
020 _z95094678391
035 _a(MiAaPQ)EBC3158436
035 _a(Au-PeEL)EBL3158436
035 _a(CaPaEBR)ebr10059964
035 _a(OCoLC)928408275
040 _aFlNmELB
_bspa
_cFlNmELB
050 4 _aLB1027.47
_bC266 2002eb
080 _a377.8
100 1 _aCardelli, Jorge.
245 1 0 _aDidactica de la investigacion
_h[recurso electronico]
_buna experiencia de formacion docente /
_cJorge Cardelli, Miguel Duhalde.
260 _aBuenos Aires :
_bMino y Davila,
_c2002.
300 _a2-29 p.
533 _aRecurso electrónico. Santa Fe, Arg.: e-libro, 2015. Disponible vía World Wide Web. El acceso puede estar limitado para las bibliotecas afiliadas a e-libro.
650 4 _aEducacion.
650 4 _aInvestigacion educacional.
650 4 _aFormacion de docentes.
650 0 _aEducation.
650 0 _aTeacher educators.
655 4 _aLibros electrónicos.
700 1 _aDuhalde, Miguel.
710 2 _ae-libro, Corp.
856 4 0 _uhttps://elibro.net/ereader/politecnicointernacional/33090
999 _c50998
_d50998